Statistics for Top 100 Biggest Cities in Jefferson

Click here to take the quiz!

General Stats

  • This quiz has been taken 10 times
  • The average score is 12 of 100

Answer Stats

Population City % Correct
90,332Redding
83%
27,191Eureka
83%
74,907Medford
67%
20,840Klamath Falls
67%
10,389Placerville
50%
118,788Roseville
50%
34,533Grants Pass
50%
201,165Modesto
33%
7,765Yreka
33%
17,231Arcata
33%
12,072Marysville
33%
15,967Coos Bay
33%
21,403South Lake Tahoe
33%
26,218Paradise
33%
42,108El Dorado Hills
33%
7,643Crescent City
33%
5,971Colusa
33%
86,187Chico
33%
15,506Oroville
33%
7,273Fort Bragg
17%
6,871Pollock Pines
17%
11,037Diamond Springs
17%
4,888Willits
17%
12,860Grass Valley
17%
13,330Auburn
17%
4,651Jackson
17%
4,610Sonora
17%
6,336Brookings
17%
15,250Clearlake
17%
14,076Red Bluff
17%
16,075Ukiah
17%
16,180Truckee
17%
4,432Shingle Springs
17%
68,549Turlock
17%
17,974Susanville
17%
18,228Cameron Park
17%
20,078Ashland
17%
42,819Lincoln
17%
20,402Granite Bay
17%
5,682West Modesto
0%
3,931Tri-City
0%
5,643Williams
0%
5,853Plumas Lake
0%
5,742South Oroville
0%
3,917Lake of the Pines
0%
5,579Hidden Valley Lake
0%
3,866Coquille
0%
5,912Roseburg North
0%
6,066Talent
0%
5,601Keyes
0%
5,379Winston
0%
5,518Durham
0%
4,008Bystrom
0%
5,382Palermo
0%
5,325Rancho Calaveras
0%
5,152Bret Harte
0%
5,019Big Bend
0%
4,991Lake Wildwood
0%
4,154Reedsport
0%
4,189Empire
0%
4,753Lakeport
0%
4,269Phoenix Lake
0%
4,675Myrtletown
0%
4,404Denair
0%
4,538Phoenix
0%
6,166Willows
0%
8,280Oroville East
0%
6,430Loomis
0%
11,310Magalia
0%
56,974Rocklin
0%
45,417Ceres
0%
22,678Riverbank
0%
21,181Roseburg
0%
20,675Oakdale
0%
20,413Patterson
0%
19,257Altamont
0%
17,773Linda
0%
17,169Central Point
0%
15,177McKinleyville
0%
13,722Salida
0%
13,656Olivehurst
0%
13,022North Auburn
0%
11,926Fortuna
0%
10,224Newman
0%
6,640Hughson
0%
10,164Shasta Lake
0%
9,932Anderson
0%
9,695North Bend
0%
8,469Eagle Point
0%
8,456Waterford
0%
7,975White City
0%
7,918Ione
0%
7,810Sutherlin
0%
7,663Corning
0%
7,515Green
0%
7,291Orland
0%
6,911Alta Sierra
0%
6,584Gridley
0%
6,646Thermalito
0%
3,843Arnold
0%

Score Distribution

Percentile by Number Answered

Percent of People with Each Score

Your Score History

You have not taken this quiz